The life of the Duke of Wellington / (Record no. 25435)
[ view plain ]
| 000 -LEADER | |
|---|---|
| fixed length control field | 00775cam a2200241u 4500 |
| 001 - CONTROL NUMBER | |
| control field | 25435 |
| 003 - CONTROL NUMBER IDENTIFIER | |
| rucl marc code | BD-RjUL |
| 005 - DATE AND TIME OF LATEST TRANSACTION | |
| control field | 20211209050858.0 |
| 008 - FIXED-LENGTH DATA ELEMENTS--GENERAL INFORMATION | |
| fixed length control field | 140318r1942 enk 001 0beng |
| 035 ## - SYSTEM CONTROL NUMBER | |
| System control number | (BD-RjUL)25505 |
| 040 ## - CATALOGING SOURCE | |
| Original cataloging agency | DLC |
| Transcribing agency | CarP |
| Modifying agency | DLC |
| -- | BD-RjUL |
| Language of cataloging | eng |
| 041 ## - LANGUAGE CODE | |
| Language code of text/sound track or separate title | eng |
| 082 ## - DEWEY DECIMAL CLASSIFICATION NUMBER | |
| Classification number | 942.07 |
| Author mark and year | GLL 1942 |
| 100 1# - MAIN ENTRY--PERSONAL NAME | |
| Personal name | Gleig, G. R. |
| Fuller form of name | (George Robert), |
| Dates associated with a name | 1796-1888. |
| 9 (RLIN) | 78204 |
| 245 04 - TITLE STATEMENT | |
| Title | The life of the Duke of Wellington / |
| Statement of responsibility, etc. | by G R Gleig. |
| 260 ## - PUBLICATION, DISTRIBUTION, ETC. (IMPRINT) | |
| Place of publication, distribution, etc. | London ; |
| -- | New York : |
| Name of publisher, distributor, etc. | J. M. Dent & sons, Ltd.; |
| -- | E. P. Dutton & co., inc., |
| Date of publication, distribution, etc. | [Reprinted 1942]. |
| 300 ## - PHYSICAL DESCRIPTION | |
| Pagination | xv. 438 p. ; |
| Size | 18 cm. |
| 504 ## - BIBLIOGRAPHY, ETC. NOTE | |
| Bibliography, etc | Includes index. |
| 600 10 - SUBJECT ADDED ENTRY--PERSONAL NAME | |
| Personal name | Wellington, Arthur Wellesley, |
| Titles and other words associated with a name | Duke of, |
| Dates associated with a name | 1769-1852. |
| 942 ## - ADDED ENTRY ELEMENTS (KOHA) | |
| Source of classification or shelving scheme | Dewey Decimal Classification |
| Koha item type | Books |
| Lost status | Source of classification or shelving scheme | Damaged status | Not for loan | Collection code | Permanent Location | Current Location | Shelving location | Date acquired | Source of acquisition | Cost, normal purchase price | Total Checkouts | Full call number | Date last seen | Copy number | Koha item type |
|---|---|---|---|---|---|---|---|---|---|---|---|---|---|---|---|
| Dewey Decimal Classification | Added to bundle | Fiction | Central Library, University of Rajshahi | Central Library, University of Rajshahi | Reading Room | 19/09/1955 | B. H. Bluckwell | 55.00 | 942.07 GLL 1942 | 18/03/2014 | C-1 | Books |